000 00303nam a2200085 4500
999 _c515120
_d515120
100 _aC. Rajiv, S.Samuel
_920247
245 _aIran's nuclear imbroglio at the crossroads: policy options for India
_cby S. Samuel C. Rajiv
260 _aNew Delhi
_bInstitute of Defence Studies and Analysis
_c2012
300 _a59p.